Systém kompenzácie strát v poľnohospodárstve vyplývajúcich z rizika prírodných katastrof

Rizikovosť poľnohospodárskej výroby riešenej prostredníctvom komerčného poistenia a čiastočne podporou z dotácií. Vývoj efektívnosti poľnohospodárskeho poistenia zo strany poľnohospodárstva, ktorého produkcia je najviac vystavená nepriaznivým vplyvom prírodných živlov, ako aj chorobám hospodárskych...

Full description

Saved in:
Bibliographic Details
Main Author: Chrastinová, Zuzana
Format: Book Chapter
Language:Slovak
Subjects:
Tags: Add Tag
No Tags, Be the first to tag this record!

MARC

LEADER 00000naa$a2200000$$$4500
001 0068413
005 20231018091653.8
041 0 |a slo 
044 |a SK 
245 1 0 |a Systém kompenzácie strát v poľnohospodárstve vyplývajúcich z rizika prírodných katastrof  |c Zuzana Chrastinová 
520 |a Rizikovosť poľnohospodárskej výroby riešenej prostredníctvom komerčného poistenia a čiastočne podporou z dotácií. Vývoj efektívnosti poľnohospodárskeho poistenia zo strany poľnohospodárstva, ktorého produkcia je najviac vystavená nepriaznivým vplyvom prírodných živlov, ako aj chorobám hospodárskych zvierat. Poľnohospodári si môžu svoj majetok poistiť v komerčných poisťovniach len proti vybraným rizikám, nemôžu si poistiť také závažné riziká ako je sucho, výrazné povodne, ktoré majú rozsiahlu plošnú pôsobnosť najmä v produkčných oblastiach. Prostredníctvom dotačnej podpory štát poľnohospodárom čiastočne zlacňuje náklady na poistné a úhradu strát nepoistiteľných rizík katastrofického rozsahu. 
610 2 0 |a poľnohospodárstvo 
610 2 0 |a poistenie 
610 2 0 |a riziko poistné 
610 2 0 |a pohromy živelné 
610 2 0 |a sucho 
610 2 0 |a povodne 
610 2 0 |a dotácie štátne 
610 2 0 |a Slovensko 
100 1 |a Chrastinová, Zuzana